000
003280000a22001330004500
041
0
_a
SPA
082
0
4
_a
G 863 L979m
100
1
_a
Álvarez Gardeazábal, Gustavo (1945-)
245
1
0
_a
Los míos / Gustavo Álvarez Gardeazábal
260
_a
Bogotá, Colombia : Plaza y Janés
300
_a
216 Pag
001
11020
942
_c
BK
999
_c
40393
_d
40393